000 01135nam2a22002531 4500
001 RU\NLR\INFOCOMM29\5000002465
005 20250617015553.0
035 _a(NLR Aleph) 002358986
090 _a4536351
_c4536351
100 _a20041124d1952 |||y0rusy50 ca
101 0 _arus
102 _aRU
105 _ay ||||000|y
200 1 _aТрелевка леса лебедками ТЛ-3 на 800-1000 м.
_fШ. Гайгерн
210 _d1952
_aБ. м.
461 0 _1001RU\NLR\INFOCOMM29\5000002158
_12001#$aИнформационный листок$fМ-во лес. пром. СССР. Бюро по делам изобретательства$v№200
_94536160
_aСССР. Министерство лесной промышленности
_cМ.
_d1947-1953
_fМ-во лес. пром. СССР. Бюро по делам изобретательства
_nГослесбумиздат
_tИнформационный листок
_v№200
700 1 _aГайгерн
_bШ.
_4070
801 1 _aRU
_bInfoComm
_c20041124
801 0 _aRU
_bNLR
_gPSBO
852 _aNLR
_jП10/889
942 _cISSUE
980 _aNB
980 _aRUSPER